| 000 -LEADER |
| fixed length control field |
02344cam a22002657a 4500 |
| 003 - CONTROL NUMBER IDENTIFIER |
| control field |
OSt |
| 005 - DATE AND TIME OF LATEST TRANSACTION |
| control field |
20200520141341.0 |
| 008 - FIXED-LENGTH DATA ELEMENTS--GENERAL INFORMATION |
| fixed length control field |
150824t20162016fluab b 001 0 eng d |
| 010 ## - LIBRARY OF CONGRESS CONTROL NUMBER |
| LC control number |
2015297336 |
| 020 ## - INTERNATIONAL STANDARD BOOK NUMBER |
| International Standard Book Number |
9781498704106 |
| 082 00 - DEWEY DECIMAL CLASSIFICATION NUMBER |
| Classification number |
693.5SAB |
| Edition number |
23 |
| 245 00 - TITLE STATEMENT |
| Title |
Green Building With Concrete : |
| Remainder of title |
sustainable design and construction / |
| Statement of responsibility, etc |
edited by Gajanan, M. Sabnis. |
| 250 ## - EDITION STATEMENT |
| Edition statement |
Second Edition |
| 260 ## - PUBLICATION, DISTRIBUTION, ETC. (IMPRINT) |
| Place of publication, distribution, etc |
Boca Raton : |
| Name of publisher, distributor, etc |
CRC Press |
| Date of publication, distribution, etc |
2015. |
| 300 ## - PHYSICAL DESCRIPTION |
| Extent |
xvii, 441 pages : |
| Other physical details |
illustrations, map ; |
| Dimensions |
24 cm. |
| 504 ## - BIBLIOGRAPHY, ETC. NOTE |
| Bibliography, etc |
Includes bibliographical references and index. |
| 505 0# - FORMATTED CONTENTS NOTE |
| Formatted contents note |
Front Cover; Contents; Preface; Acknowledgments; Editor; Contributors; Chapter 1: Introduction; Chapter 2: Sustainability in the Cement Industries and Chemical Admixtures; Chapter 3: Principles of Sustainable Building Design; Chapter 4: Sustainability through Thermal Mass of Concrete; Chapter 5: Concrete Pavements and Sustainability; Chapter 6: Roller-Compacted Concrete : A Sustainable Alternative; Chapter 7: Pervious Concrete for Sustainable Development; Chapter 8: Heat Island Effects; Chapter 9: Future Sustainable City : The Case of Masdar City |
| 505 8# - FORMATTED CONTENTS NOTE |
| Formatted contents note |
Chapter 10: Sustainability and Rehabilitation of Concrete StructuresChapter 11: Global Sustainability and Concrete; Chapter 12: Sustainable Concrete with Industrial and Postconsumer By-Product Materials; Chapter 13: Sustainability of Steel Reinforcement; Chapter 14: Coatings for Creating Green Infrastructure; Chapter 15: Materials' Specifications : The Missing Link to Sustainability Planning; Back Cover |
| 520 ## - SUMMARY, ETC. |
| Summary, etc |
Illustrates the Global Relevance of SustainabilityApplicable to roads, bridges, and other elements of the infrastructure, Green Building with Concrete: Sustainable Design and Construction, Second Edition provides an overview of all available information on the role of concrete in green building. A handbook offering viewpoints from worldwide experts on the global nature of the sustainability movement, it highlights research on economic analysis, in particular the International Organization for Standardization, Environmental Management-Life Cycle Assessment-Principles and Framework application o. |
| 650 #0 - SUBJECT ADDED ENTRY--TOPICAL TERM |
| Topical term or geographic name as entry element |
Concrete construction. |
| 650 #0 - SUBJECT ADDED ENTRY--TOPICAL TERM |
| Topical term or geographic name as entry element |
Sustainable construction. |
| 650 #0 - SUBJECT ADDED ENTRY--TOPICAL TERM |
| Topical term or geographic name as entry element |
Concrete |
| General subdivision |
Recycling. |
| 700 1# - ADDED ENTRY--PERSONAL NAME |
| Personal name |
Sabnis, Gajanan M. |
| 942 ## - ADDED ENTRY ELEMENTS (KOHA) |
| Source of classification or shelving scheme |
|